| 000 | 00747nam a2200289#a 4500 | ||
|---|---|---|---|
| 001 | 00398 | ||
| 003 | HDC | ||
| 007 | ta | ||
| 008 | 230623s2001 xx 000 0 eng d | ||
| 020 | _a609608398 (hbk.). | ||
| 040 | _aHDC | ||
| 050 |
_aHD 38.2 _b .C427 2001 |
||
| 100 | _aCharan, Ram. | ||
| 245 | 0 |
_aWhat the CEO wants you to know : _bhow your company really works / _cRam Charan. |
|
| 250 | _a1st ed. | ||
| 264 |
_aNew York : _bCrown Business, _cc2001. |
||
| 300 |
_a141p. ; _c 21cm. |
||
| 500 | _aIncludes index. | ||
| 650 |
_aCorporations _xGrowth. |
||
| 650 | _aExecutive ability. | ||
| 650 | _aMiddle managers. | ||
| 650 | _aSuccess in business. | ||
| 942 | _2lcc | ||
| 942 | _cBK | ||
| 942 | _kHD 38.2 | ||
| 942 | _m .C427 2001 | ||
| 999 |
_c22039 _d22039 |
||